| 000 | 00883nas a2200253 4500 | ||
|---|---|---|---|
| 001 | BR9702844 | ||
| 003 | BR-BrBNA | ||
| 005 | 20231205100234.0 | ||
| 007 | ta | ||
| 008 | 230509b bl.|||p| |||| 00| 00por d | ||
| 040 |
_aBR-BrBNA _bpor _cBiblioteca Nacional de Agricultura |
||
| 041 | _a(Pt) | ||
| 072 | _aL72 | ||
| 100 | 1 | _aPaschoal, S.V. | |
| 100 | 1 | _aAmato, S.B. | |
| 245 | 1 | _aConsumo de oxigenio e reserva glicolitica em Bradybaena similaris (Ferussac, 1821)(Gastropoda: Xanthonychidae)infectada com Eurytrema coelomaticum (Giard et Billet, 1892)(Digenea: Dicrocoeliidae) | |
| 650 | _aTrematodeo | ||
| 650 | _aParasito | ||
| 650 | _aMolusco | ||
| 650 | _aInfestacao | ||
| 773 | 0 |
_tRevista Brasileira de Parasitologia Veterinaria (Brazil) _xISSN 0103-846X _g(Aug 1993), v. 2(2) p. 115-118 _wBR9702844 |
|
| 909 |
_a202311 _bLúcia _c55 _dLúcia Elande |
||
| 942 |
_2AGRIS _n0 _cANA |
||
| 999 |
_c154896 _d154896 |
||